000 00736nam a22002177a 4500
999 _c104474
_d104474
005 20230529164804.0
010 _aENG-116451 ENG-137066
020 _a9788179754504
_c900.00
035 _aEN-99983 EN-120598
037 _bDBAD/PUB
082 _a954.04
100 _aLohia,Rammanohar
245 _aSalient ideas /
_cby Rammanohar Lohia ; compiled and edited by B.K Bhattacharya [and] Mastram Kapoor
260 _aNew Delhi
_bAnamika Publishers & Distributors
_c2012
270 _a4697/3,21A,Ansari Road, Daryaganj,
_bNew Delhi
_e110002
300 _ax,496p.
_c21cm (Hb)
500 _aIncludes references and index
700 _aBhattacharya, B.K
700 _aMastram Kapoor
942 _2ddc
_cEN
_h954.04
_mLOH